000 00301nam a22001337a 4500
020 _a019567877-X
082 _a823
_bCHA/I
100 _aCHANDUMENON, O
245 _aINDULEKHA
260 _aDELHI
_bOXFORD UNIVERSITY PRESS
_c2005
300 _a287
650 _aMALAYALAM LITERATURE
_zINDIA
942 _cBK
999 _c7099
_d7099